<?xml version="1.0" encoding="UTF-8"?>
<record
    xmlns:xsi="http://www.w3.org/2001/XMLSchema-instance"
    xsi:schemaLocation="http://www.loc.gov/MARC21/slim http://www.loc.gov/standards/marcxml/schema/MARC21slim.xsd"
    xmlns="http://www.loc.gov/MARC21/slim">

  <leader>01114cam a2200205   4500500</leader>
  <controlfield tag="005">20260201143846.0</controlfield>
  <datafield tag="041" ind1=" " ind2=" ">
    <subfield code="a">fre</subfield>
  </datafield>
  <datafield tag="042" ind1=" " ind2=" ">
    <subfield code="a">dc</subfield>
  </datafield>
  <datafield tag="100" ind1="1" ind2="0">
    <subfield code="a">Pourrinet, Jeanne</subfield>
    <subfield code="e">author</subfield>
  </datafield>
  <datafield tag="245" ind1="0" ind2="0">
    <subfield code="a">Observation de b&#xE9;b&#xE9;s et recherche m&#xE9;dicale</subfield>
  </datafield>
  <datafield tag="260" ind1=" " ind2=" ">
    <subfield code="c">2018.
							</subfield>
  </datafield>
  <datafield tag="500" ind1=" " ind2=" ">
    <subfield code="a">75</subfield>
  </datafield>
  <datafield tag="520" ind1=" " ind2=" ">
    <subfield code="a">L&#x2019;article porte sur l&#x2019;observation de b&#xE9;b&#xE9;s de moins de 6 mois, dans le cadre d&#x2019;une recherche, &#xE0; Toulouse, au Centre national de r&#xE9;f&#xE9;rence du syndrome Prader-Willi. La recherche porte sur l&#x2019;action de l&#x2019;ocytocine dans l&#x2019;hypotonie majeure et la difficult&#xE9; de succion et d&#xE9;glutition de ce syndrome. L&#x2019;observation se concentre sur les interrelations des parents avec leur b&#xE9;b&#xE9; au cours de ces dix jours d&#x2019;hospitalisation, la reprise et la transmission de ce travail avec l&#x2019;&#xE9;quipe hospitali&#xE8;re concern&#xE9;e.</subfield>
  </datafield>
  <datafield tag="690" ind1=" " ind2=" ">
    <subfield code="a">interrelations</subfield>
  </datafield>
  <datafield tag="690" ind1=" " ind2=" ">
    <subfield code="a">observation participante</subfield>
  </datafield>
  <datafield tag="690" ind1=" " ind2=" ">
    <subfield code="a">Prader-Willi</subfield>
  </datafield>
  <datafield tag="690" ind1=" " ind2=" ">
    <subfield code="a">Toulouse</subfield>
  </datafield>
  <datafield tag="786" ind1="0" ind2=" ">
    <subfield code="n">Empan | 111 | 3 | 2018-08-31 | p. 62-68 | 1152-3336</subfield>
  </datafield>
  <datafield tag="856" ind1="4" ind2="1">
    <subfield code="u">https://shs.cairn.info/revue-empan-2018-3-page-62?lang=fr&amp;redirect-ssocas=7080</subfield>
  </datafield>
  <datafield tag="999" ind1=" " ind2=" ">
    <subfield code="c">1642896</subfield>
    <subfield code="d">1642896</subfield>
  </datafield>
</record>
